|
|
|
|
| LEADER |
02827nam a2200625 i 4500 |
| 001 |
nkc20213370246 |
| 003 |
CZ PrNK |
| 005 |
20220125142254.0 |
| 007 |
ta |
| 008 |
211109s2021 xr f m 000 0 cze |
| 015 |
|
|
|a cnb003370246
|
| 020 |
|
|
|a 978-80-214-5978-6
|q (brožováno)
|
| 035 |
|
|
|a (OCoLC)1296108509
|
| 040 |
|
|
|a OLA001
|b cze
|e rda
|
| 041 |
0 |
|
|a cze
|b eng
|
| 072 |
|
7 |
|a 33
|x Ekonomie
|2 Konspekt
|9 4
|
| 080 |
|
|
|a 332.146:69
|2 MRF
|
| 080 |
|
|
|a 351.712
|2 MRF
|
| 080 |
|
|
|a 330.322.14
|2 MRF
|
| 080 |
|
|
|a 330.13
|2 MRF
|
| 080 |
|
|
|a (043.5:042.3)
|2 MRF
|
| 080 |
|
|
|a (048.3)
|2 MRF
|
| 100 |
1 |
|
|a Korytárová, Jana,
|d 1961-
|7 mzk2004252239
|4 aut
|
| 245 |
1 |
0 |
|a Hodnocení ekonomické efektivnosti stavebních děl v širším kontextu souvisejících socio-ekonomických dopadů =
|b Construction works economic efficiency assessment in the broader context of related socio-economic impacts : teze přednášky k profesorskému jmenovacímu řízení v oboru Management stavebnictví /
|c Jana Korytárová
|
| 246 |
3 |
1 |
|a Construction works economic efficiency assessment in the broader context of related socio-economic impacts
|
| 264 |
|
1 |
|a Brno :
|b Vysoké učení technické v Brně, nakladatelství VUTIUM,
|c 2021
|
| 300 |
|
|
|a 30 stran ;
|c 24 cm
|
| 336 |
|
|
|a text
|b txt
|2 rdacontent
|
| 337 |
|
|
|a bez média
|b n
|2 rdamedia
|
| 338 |
|
|
|a svazek
|b nc
|2 rdacarrier
|
| 490 |
1 |
|
|a Vědecké spisy Vysokého učení technického v Brně. Habilitační a inaugurační spisy,
|x 1213-418X ;
|v sv. 696
|
| 500 |
|
|
|a Nad názvem: Vysoké učení technické v Brně, Fakulta stavební, Ústav stavební ekonomiky a řízení
|
| 504 |
|
|
|a Obsahuje bibliografii
|
| 546 |
|
|
|a Anglické resumé
|
| 650 |
0 |
7 |
|a výstavba
|7 ph127458
|2 czenas
|
| 650 |
0 |
7 |
|a veřejné projekty
|7 ph127081
|2 czenas
|
| 650 |
0 |
7 |
|a veřejné investice
|7 ph125798
|2 czenas
|
| 650 |
0 |
7 |
|a ekonomická efektivnost
|7 ph504384
|2 czenas
|
| 650 |
0 |
9 |
|a real estate development
|2 eczenas
|
| 650 |
0 |
9 |
|a public sector projects
|2 eczenas
|
| 650 |
0 |
9 |
|a public investments
|2 eczenas
|
| 650 |
0 |
9 |
|a economic efficiency
|2 eczenas
|
| 655 |
|
7 |
|a profesorské přednášky
|7 fd187329
|2 czenas
|
| 655 |
|
7 |
|a teze
|7 fd133701
|2 czenas
|
| 655 |
|
9 |
|a inauguration lectures
|2 eczenas
|
| 655 |
|
9 |
|a abstracts
|2 eczenas
|
| 710 |
2 |
|
|a Vysoké učení technické v Brně.
|b Ústav stavební ekonomiky a řízení
|7 ko2002103670
|4 isb
|
| 810 |
2 |
|
|a Vysoké učení technické v Brně.
|t Vědecké spisy.
|p Habilitační a inaugurační spisy
|0 s
|
| 910 |
2 |
|
|a BOA001
|b 2-1477.675
|
| 928 |
9 |
|
|a VUTIUM
|
| 990 |
|
|
|a BK
|
| 995 |
|
|
|a 01
|
| 991 |
|
|
|b 202112
|c NOV
|
| 996 |
6 |
|
|b 2610886105
|c 2-1477.675
|l MZK
|r Sklad / do 1 hodiny
|n 0
|p p.v.
|w 001869381
|u 000010
|a 1
|e BOA001
|j MZK50
|s P
|
| 996 |
7 |
|
|b 2610886106
|c 2-1477.675
|l MZK
|r Sklad / do 1 hodiny
|n 0
|p p.v.
|w 001869381
|u 000020
|a 1
|e BOA001
|j MZK50
|s A
|